Selected works in applied mechanics and mathematics (Record no. 599690)

MARC details
000 -LEADER
fixed length control field 00562nam a22001937a 4500
008 - FIXED-LENGTH DATA ELEMENTS--GENERAL INFORMATION
fixed length control field 251202b |||||||| |||| 00| 0 eng d
020 ## - INTERNATIONAL STANDARD BOOK NUMBER
ISBN 9780867209686
Paper back/Hardbound hbk.
041 ## - LANGUAGE CODE
Language code of text/sound track or separate title eng
082 ## - DEWEY DECIMAL CLASSIFICATION NUMBER
Classification number 624.17
Item number REI
100 ## - MAIN ENTRY--AUTHOR NAME
Personal name Reissner, Eric
245 ## - TITLE STATEMENT
Title Selected works in applied mechanics and mathematics
Statement of responsibility, etc / Eric Reissner
250 ## - EDITION STATEMENT
Edition statement 1st ed.
260 ## - PUBLICATION, DISTRIBUTION, ETC. (IMPRINT)
Place of publication Boston
Name of publisher Jones and Bartlett Publishers
Year of publication ©1996
300 ## - PHYSICAL DESCRIPTION
Number of Pages xiv, 601 p.
Other physical details : ill.
Dimensions ; 24 cm.
504 ## - BIBLIOGRAPHY, ETC. NOTE
Bibliography, etc Includes bibliographical references
650 ## - SUBJECT ADDED ENTRY--TOPICAL TERM
Topical Term Mechanics - Applied Mathematics
942 ## - ADDED ENTRY ELEMENTS (KOHA)
Koha item type Reference
Holdings
Withdrawn status Lost status Damaged status Not for loan Home library Current library Shelving location Date acquired Full call number Accession Number Price effective from Koha item type
        Anna Centenary Library Anna Centenary Library 6TH FLOOR, A WING 08.12.2010 624.17 REI 400157 02.12.2025 Reference

Find us on the map